Mechanosyntéza titaničitanov

Na minha lista:
Detalhes bibliográficos
Autor principal: Znášik, Erik (Author)
Outros Autores: Veteška, Peter (Thesis advisor)
Formato: Manuscrito Livro
Idioma:eslovaco
Publicado em: 2025
Assuntos:
Acesso em linha:http://is.stuba.sk/zp/portal_zp.pl?podrobnosti=183373
Tags: Adicionar Tag
Sem tags, seja o primeiro a adicionar uma tag!

MARC

LEADER 00000ntm a22000003a 4500
001 stuzp104137
003 SK-STU
005 20250607210432.6
007 ta
008 150427s2015----xo-----f-mn---000-0-slo-d
040 |a STU  |b slo 
041 0 |a slo 
100 1 |a Znášik, Erik  |u 042110  |4 aut  |U FCHPT Ústav anorganickej chémie, technológie a materiálov  |T FCHPT Oddelenie anorganických materiálov  |X 104751  |U C2110  |Y 110  |7 104751 
242 0 1 |a Mechanosynthesis of titanates  |y eng 
245 1 0 |a Mechanosyntéza titaničitanov 
260 |c 2025 
650 4 |a mechanosynthesis  |2 eng 
650 4 |a dielectric properties  |2 eng 
650 4 |a higher entropy  |2 eng 
650 4 |a dielektrické vlastnosti  |2 slo 
650 4 |a zvýšená entropia  |2 slo 
650 4 |a mechanosyntéza  |2 slo 
700 1 |a Veteška, Peter  |u 042110  |k Z2  |4 ths  |U FCHPT Ústav anorganickej chémie, technológie a materiálov  |T FCHPT Oddelenie anorganických materiálov  |X 40250  |U C2110  |Y 110  |7 40250 
856 4 |u http://is.stuba.sk/zp/portal_zp.pl?podrobnosti=183373